Ładuje się......
Organisational behaviour; foundations, realities, and challenges /
| 1. autor: | |
|---|---|
| Format: | Printed Book |
| Język: | English |
| Wydane: |
New Delhi :
Thomson South Western,
2000
|
| Wydanie: | 3rd ed. |
| LEADER | 00483nam a2200133Ia 4500 | ||
|---|---|---|---|
| 008 | 160726s9999 xx 000 0 eng d | ||
| 020 | |a 8131500004 | ||
| 100 | |a Nelson, Dedra L | ||
| 245 | |a Organisational behaviour; foundations, realities, and challenges / |c by Dedra L Nelson | ||
| 250 | |a 3rd ed. | ||
| 260 | |a New Delhi : |b Thomson South Western, |c 2000 | ||
| 942 | |c BK | ||
| 999 | |c 254430 |d 254430 | ||
| 952 | |0 0 |1 0 |4 0 |7 0 |9 283129 |a PSY |b PSY |c ST1 |d 2016-07-26 |i 3535 |l 0 |p PSY3535 |r 2016-07-26 |w 2016-07-26 |y BK | ||